Les clubs qui ont gagné la Champions League - Statistiques

Statistiques générales
  • Ce quiz a été pris 355 fois
  • Le résultat moyen est 16 sur 24
Answers on the Grid
Answers color-coded by a green-red scale on the quiz's grid according to % correct below.
Real Madrid
Bayern Munich
Seville
FC Barcelone
PSG
Napoli
AC Milan
Ajax
Man United
OM
Arsenal
Celtic Glasgow
Glasgow Rangers
Chelsea FC
Hambourg
Man City
Aston Villa
RCLENS
AS Rome
Inter Milan
Benfica Lisbonne
Borussia Dortmund
Steaua Bucarest
Etoile Rouge de Belgrade
PSV
Feyenoord Rotterdam
Liverpool
Porto
Nottingham Forrest
Juventus
 
Statistiques - réponses
Réponse % Correct
PSG
85%
FC Barcelone
82%
Man City
82%
Real Madrid
82%
OM
81%
Liverpool
79%
Man United
78%
AC Milan
77%
Bayern Munich
76%
Juventus
76%
Chelsea FC
74%
Ajax
73%
Inter Milan
72%
Etoile Rouge de Belgrade
66%
Nottingham Forrest
66%
Porto
63%
Benfica Lisbonne
59%
Celtic Glasgow
57%
Borussia Dortmund
56%
PSV
55%
Aston Villa
50%
Steaua Bucarest
50%
Feyenoord Rotterdam
49%
Hambourg
45%
Aucun quiz correspondant
Distribution des résultats
% des personnes avec chaque résultat
Percentile par nombre de réponses
Votre historique - résultats
Vous n’avez pas pris ce quiz